MARC

LEADER 00000nam0a2200000 4500
001 353538
005 20231102010613.0
020 |a RU  |b 82-4331ж 
035 |a (RuTPU)RU\TPU\retro\10795 
035 |a RU\TPU\retro\10793 
090 |a 353538 
100 |a 20200515d1974 k a0rusy5003 ca 
101 0 |a rus 
102 |a RU 
105 |a a z 001zy 
200 1 |a Роль литогенеза в формировании и сохранении залежей нефти и газа  |f Т. И. Гурова, Т. Ф. Антонова, К. С. Кондрина [и др.]  |g Сибирский научно-исследовательский институт геологии, геофизики и минерального сырья (СНИИГГиМС) 
210 |a Москва  |c Недра  |d 1974 
215 |a 136 с.  |c ил. 
225 1 |a Труды Сибирского научно-исследовательского института геологии, геофизики и минерального сырья (СНИИГГиМС)  |v Вып. 157 
225 1 |a Серия нефтяной геологии 
320 |9 572  |a Библиогр.: с. 130-135 
606 1 |a Горные породы  |x Литология  |2 stltpush  |3 (RuTPU)RU\TPU\subj\66087  |9 82317 
610 1 |a коллекторские свойства 
610 1 |a экранирующие свойства 
610 1 |a корреляционные связи 
610 1 |a количественная оценка 
610 1 |a генетические типы 
610 1 |a размещение 
610 1 |a нефтяные залежи 
610 1 |a газовые залежи 
610 1 |a глинистые экраны 
610 1 |a мезозойские отложения 
610 1 |a Сибирь 
675 |a 552.5  |z rus  |v 3 
701 1 |a Гурова  |b Т. И. 
701 1 |a Антонова  |b Т. Ф. 
701 1 |a Кондрина  |b К. С. 
701 1 |a Коробейникова  |b Л. И. 
701 1 |a Коротун  |b В. В. 
701 1 |a Неуймина  |b Л. Д. 
701 1 |a Потлова  |b М. М. 
701 1 |a Пода  |b А. Г. 
701 1 |a Рояк  |b Р. С. 
701 1 |a Сорокина  |b Е. Г. 
701 1 |a Чернова  |b Л. С. 
712 0 2 |a Сибирский научно-исследовательский институт геологии, геофизики и минерального сырья (СНИИГГиМС)  |c (Новосибирск)  |2 stltpush  |3 (RuTPU)RU\TPU\col\322 
801 0 |a RU  |b RuMRKP  |c 19950704  |g psbo 
801 1 |a RU  |b 63413507  |c 20140113 
801 2 |a RU  |b 63413507  |c 20200515  |g RCR 
942 |c BK